Ultimate Five Nights at Freddy's (fnaf) Animatronic Quiz *with world - Statistics

General Stats
  • This quiz has been taken 62 times
  • The average score is 100 of 368
Answer Stats
Hint Answer % Correct
Bonnie
97%
Foxy
93%
Chica
90%
Fnaf 1 Freddy
90%
Golden Freddy
83%
Balloon Boy
77%
Toy Bonnie
77%
Toy Chica
77%
Jay Jay
73%
Puppet
73%
Fnaf 2 Toy Freddy
73%
Mangle
70%
Shadow Bonnie
70%
Shadow Freddy
67%
Withered Bonnie
67%
Withered Chica
67%
Withered Foxy
67%
Withered Freddy
67%
Fredbear
63%
Nightmare
63%
Endo-01
60%
Nightmare Chica
60%
Nightmare Mangle
60%
Phantom Chica
60%
Phantom Foxy
60%
Phantom Freddy
60%
Phantom Puppet
60%
Spring Bonnie
60%
Fnaf 3 Springtrap
60%
Endo-02
57%
Freddles
57%
Fnaf 4 dlc Jack-o-Bonnie
57%
Jack-o-Chica
57%
Nightmare Bonnie
57%
Nightmare Fredbear
57%
Nightmarionne
57%
Phantom Balloon Boy
57%
UCN Phone Guy
57%
Plushtrap
57%
Funtime Foxy
53%
Funtime Freddy
53%
Lolbit
53%
Mr. Cupcake
53%
Nightmare Foxy
53%
Phantom Mangle
53%
Withered Golden Freddy
53%
Adventure Bonnie
50%
Adventure Chica
50%
World + dlc Adventure Freddy
50%
Bon Bon
50%
Secret of the Mimic Mimic
50%
Nightmare Balloon Boy
50%
Scraptrap
50%
Adventure Crying Child
47%
Adventure Foxy
47%
Adventure Mangle
47%
Ballora
47%
Sister Location Circus Baby
47%
Ennard
47%
Funtime Chica
47%
Jack-o-cupcake
47%
Pizzeria Simulator Molten Freddy
47%
Nightmare Cupcake
47%
Roxanne Wolf
47%
Scrap Baby
47%
Security
47%
Toy Cupcake
47%
Adventure Balloon Boy
43%
Adventure Nightmare
43%
Adventure Phantom Freddy
43%
Adventure Purple Guy
43%
Adventure Toy Bonnie
43%
Adventure Toy Chica
43%
Bonnet
43%
Electrobab
43%
Glamrock Chica
43%
Security Breach Glamrock Freddy
43%
Happy Frog
43%
Helpy
43%
Lefty
43%
Mr. Hippo
43%
Music Man
43%
Pigpatch
43%
Tangle
43%
Yenndo
43%
Adventure Fredbear
40%
Adventure Golden Freddy
40%
Adventure Jack-o-Chica
40%
Adventure Jay Jay
40%
Adventure Marionette
40%
Adventure Nightmare Bonnie
40%
Adventure Nightmare Chica
40%
Adventure Nightmare Fredbear
40%
Adventure Nightmare Freddy
40%
Adventure Phantom Chica
40%
Adventure Phantom Foxy
40%
Adventure Phantom Mangle
40%
Adventure Plushtrap
40%
Adventure Spring Bonnie
40%
Adventure Jack-o-Bonnie
40%
Curse of Dreadbear Dreadbear
40%
Glamrock Bonnie
40%
Montgomery Gator
40%
Moon
40%
Orville Elephant
40%
Rockstar Bonnie
40%
Rockstar Chica
40%
Rockstar Foxy
40%
Rockstar Freddy
40%
Shadow Cupcake
40%
Shattered Glamrock Bonnie
40%
Sun
40%
Vanny
40%
Adventure Nightmare Balloon Boy
37%
Adventure Nightmarionne
37%
Adventure Phantom Balloon Boy
37%
Adventure Phantom Marionette
37%
Adventure Shadow Bonnie
37%
Adventure Shadow Freddy
37%
Adventure Springtrap
37%
Adventure Withered Bonnie
37%
Adventure Withered Chica
37%
Adventure Withered Foxy
37%
Adventure Withered Freddy
37%
Bidybab
37%
Burntrap
37%
Dee Dee
37%
DJ Music Man
37%
Eclipse
37%
El Chip
37%
Jackie
37%
Lemonade Clown
37%
Minireena
37%
Nedd Bear
37%
Plushbaby
37%
Adventure Chipper
33%
Adventure Nightmare Foxy
33%
Help Wanted Glitchtrap
33%
Fruit Punch Clown
33%
Grimm Foxy
33%
Map Bot
33%
Mr. Hugs
33%
No. 1 Crate
33%
Adventure Coffee
30%
Adventure Endo-01
30%
Adventure Endo-02
30%
Adventure Funtime Foxy
30%
Glamrock Endo
30%
Helpi
30%
Mini Music Man
30%
Pan Stan
30%
Shattered Glamrock Chica
30%
Shattered Montgomery Gator
30%
Shattered Roxanne Wolf
30%
Adventure Animdude
27%
Adventure Paperpals
27%
Bucket Bob
27%
Dollie
27%
*costume Elephant
27%
Old Man Consequences
27%
Tangle
27%
Wet Floor Bot
27%
Adventure Endoplush
23%
Big Top
23%
Candy Cadet
23%
Chica's Magic Rainbow
23%
Egg Baby
23%
Jack-o-Moon
23%
Magician Mangle
23%
Mr. Can-do
23%
M.X.E.S.
23%
Prize King
23%
Prototype
23%
Ruined Montgomery Gator
23%
Ruined Roxanne Wolf
23%
Security Bot
23%
Security Puppet
23%
Staff Bot
23%
8-Bit Baby
20%
Carnie
20%
Chef Bot
20%
Comedy Bot
20%
Special Delivery Freddy Frostbear
20%
Gearrat
20%
Glamrock Mr. Hippo
20%
Mask Bot
20%
Mystic Hippo
20%
Neon
20%
Neon Bonnie
20%
Nightmare Endo
20%
Porkpatch
20%
Rockstar Parrot
20%
Ruined Glamrock Chica
20%
Shadow Balloon Boy
20%
Shadow Puppet
20%
Shamrock Freddy
20%
Toxic Springtrap
20%
White Rabbit
20%
Ballboy
17%
Black Ice Frostbear
17%
Boulder Toy Bonnie
17%
Burnt Foxy
17%
Chocolate Bonnie
17%
Clockwork Ballora
17%
Easter Bonnie
17%
F1-0N4
17%
Gumball Swivelhands
17%
HandUnit
17%
Highscore Toy Chica
17%
Jetpack Balloon Boy
17%
Liberty Chica
17%
*costume Lion
17%
Mendo
17%
Mr. Helpful
17%
Mrs. Helpful
17%
Neon Chica
17%
Party Freddy
17%
PurpleGeist
17%
Radioactive Foxy
17%
Ruin Ruined Glamrock Freddy
17%
Scorching Chica
17%
Scott Cawthon
17%
Shadow Mangle
17%
System Error Toy Bonnie
17%
Woodland Toy Freddy
17%
Aeronaut Toy Freddy
13%
Alien Bot
13%
Arctic Ballora
13%
Bouncepot
13%
Broiler Baby
13%
Browboy
13%
Bubba
13%
Chipper's Revenge
13%
Clown Springtrap
13%
Dark Freddy
13%
Eleanor
13%
Firework Freddy
13%
Flamethrower Endo
13%
Flaming Springtrap
13%
Funtime Cupcake
13%
Head Chef Bot
13%
Juggling duck
13%
Little Red Chica
13%
Magician Bot
13%
Melted Chocolate Bonnie
13%
Mop Bot
13%
Neon Jukebox
13%
Nightmare Staff Bot
13%
Plushkin
13%
Prototype Bonnie
13%
Prototype Chica
13%
Prototype Cupcake
13%
Prototype Foxy
13%
Prototype Freddy
13%
Redbear
13%
Ringmaster Foxy
13%
Ruined Mini Music Man
13%
Seagoon
13%
Sleepy Moon
13%
Sunken Toy Bonnie
13%
Swamp Balloon Boy
13%
*costume Swing Bee
13%
The Curse
13%
VR Toy Freddy
13%
8-Bit Cupcake
10%
Attendant Bot
10%
Big Bad Foxy
10%
Black Heart Bonnie
10%
Boxbyte
10%
Calavera Cupcake
10%
Catrina Toy Chica
10%
Chillax
10%
Clean-o-Vac
10%
Clockwork Minireena
10%
Crabapple
10%
Cupcake Pal
10%
Dark Foxy
10%
Dark Water Endo
10%
Diving Seal
10%
Dogfight
10%
Frostbite Balloon Boy
10%
Frost Plushtrap
10%
Glamrock Helpy
10%
Goldmine
10%
Great Escape Golden Freddy
10%
Heartsick Baby
10%
*costume Hedgehog Hudgie
10%
Instructor Bot
10%
Mad Endo
10%
Mechrab
10%
Moldy Cupcake
10%
Nanny Bot
10%
Overclock
10%
Party Bot
10%
*costume Penguin
10%
Piranha Plushtrap
10%
Into the Pit Pit Bonnie
10%
Rot
10%
Scorching Cupcake
10%
Serpent Mangle
10%
Server Bot
10%
Sewer Bot
10%
*costume Sharpay
10%
Snowcone
10%
Souldozer
10%
Supergoon
10%
Torch Cupcake
10%
White Tiger
10%
Auto Chipper
7%
Beartrap
7%
*costume Birthday Puppy
7%
Blacktrap
7%
Bouncer
7%
Burnt Carnie
7%
Captain Foxy
7%
Colossal
7%
Digityper
7%
Driver Assistant Bot
7%
Eyesore
7%
Fetch
7%
Flan
7%
Gold Endo
7%
Graveweed
7%
*type "glitched ___" >>>>>>
7%
Jangle
7%
Jugband Frog
7%
Jugband Hippo
7%
Jugband Monty
7%
Lasso Pig
7%
*costume Lyrical Lemur
7%
Meringue
7%
Fnaf 4 Nighmare Freddy
7%
*costume Party Time Chica
7%
P. Goon
7%
Prototype Fredbear
7%
Prototype Spring Bonnie
7%
Quarry
7%
Ruined Mimic
7%
Help Wanted 2 Ruined Moon
7%
Seaweed
7%
Stitchwraith
7%
Totemole
7%
Worker Bot
7%
*type "glitched ___" %_^^&(
3%
*type "glitched ___" !2222
3%
Birthday Hat
3%
Chop 'N Roll
3%
Exterminator Bot
3%
*costume Jester
3%
Metalman
3%
*costume Mycelium Men
3%
Nightmare Security Bot
3%
Rocktapus
3%
Scott's Head
3%
Springlock Bub
3%
Springlock Monty
3%
Tombstack
3%
Xylophone Snake
3%
M2RND
0%
Shattered Staff Bot
0%
*workshop costume Unfinished Birthday Puppy
0%
*workshop costume Unfinished Elephant
0%
*workshop costume Unfinished Hedgehog Hudgie
0%
*workshop costume Unfinished Lion
0%
*workshop costume Unfinished Mycelium Man
0%
*workshop costume Unfinished Penguin
0%
*workshop costume Unfinished Sharpay
0%
*workshop costume Unfinished Swing Bee
0%
No matching quizzes found
Score Distribution
Percent of People with Each Score
Percentile by Number Answered
Your Score History
You have not taken this quiz